Name every Joker Out song - Statistics

General Stats
  • This quiz has been taken 921 times
    407 since last reset
  • The average score is 22 of 27
Answer Stats
Hint Answer % Correct
C Carpe Diem
94%
D Demoni
91%
K Katrina
91%
U Umazane Misli
90%
B Barve oceana
88%
A A sem ti povedal
87%
G Gola
87%
V Vem da gres
86%
V Vse Kar Vem
86%
N Ngvot
85%
O Ona
85%
P Plastika
85%
B Bele sanje
84%
N Novi Val
84%
M Metulji
82%
T Tokio
82%
D Dopamin
81%
P Padam
80%
S Sunny Side of London
80%
O Omamljeno telo
77%
E Everybody's Waiting
75%
N Ne Bi Smel
75%
P Proti toku
75%
S Sta bih ja
69%
N New Wave
64%
C Carpe Diem (English Version)
61%
K Kot Srce, Ki Kri Poganja
48%
No matching quizzes found
Score Distribution
Percent of People with Each Score
Percentile by Number Answered
Your Score History
You have not taken this quiz since the last reset